=LDR 00000nam 2200000 4500 =001 INLIS000000000049097 =005 20221223074948 =035 ##$$a 0010-011700000000378 =008 221223################g##########0#ind## =020 ##$$a 978-602-1130-88-X =040 ##$$a NBPDMAT =082 ##$$a R. 297.615 103 =090 ##$$a R.297.615 103 Ens e.III =245 ##$$a Ensiklopedia remaja muslim jilid 3 : $b Remaja dan cinta /$c Tim Redaksi =260 ##$$a Surakarta :$b Ziyad Books,$c 2015 =300 ##$$a 595 hlm. : $b ilus ; $c 28 x 20 cm. =650 #4$$a Remaja Muslim - Ensiklopedi =850 ##$$a NBPDMAT =084 ##$$a R. 297.615 103 ENS e III =250 ##$$a cet. 1 =990 ##$$a 21602422 =990 ##$$a 21602423 =990 ##$$a 21602424 =990 ##$$a 21602425 =990 ##$$a 21602426